000 00300nam a22001337a 4500
003 SGT
082 _a617.645
_bP25S
100 _aSehgal, Anshula
245 _aPulpal pathways of primary teeth
260 _bSGT University
_c2025
300 _a54
650 _aPediatric Dentistry
942 _2ddc
_cTH
999 _c30352
_d30352